Online
Catalog

Impuesto sobre la renta (Record no. 49793)

MARC details
000 -CABECERA
campo de control de longitud fija 01343nam a22002897a 4500
003 - IDENTIFICADOR DEL NÚMERO DE CONTROL
campo de control DO-SdBNP
005 - FECHA Y HORA DE LA ÚLTIMA TRANSACCIÓN
campo de control 20240311204354.0
007 - CAMPO FIJO DE DESCRIPCIÓN FÍSICA--INFORMACIÓN GENERAL
campo de control de longitud fija ta
008 - DATOS DE LONGITUD FIJA--INFORMACIÓN GENERAL
campo de control de longitud fija 210428e1990 dr ||||grl|||s00| 0 spa d
040 ## - FUENTE DE LA CATALOGACIÓN
Centro catalogador/agencia de origen DO-SdBNP
Lengua de catalogación spa
Centro/agencia transcriptor BNPHU
041 ## - CÓDIGO DE LENGUA
Código de lengua original spa
082 #4 - NÚMERO DE LA CLASIFICACIÓN DECIMAL DEWEY
Número de clasificación 343.7293052
Número de documento/Ítem I59i
Número de edición 22
110 2# - ENTRADA PRINCIPAL--NOMBRE DE ENTIDAD CORPORATIVA
Nombre de entidad corporativa o nombre de jurisdicción como elemento de entrada Instituto de Capacitación Tributaria (República Dominicana)
9 (RLIN) 73226
245 10 - MENCIÓN DE TÍTULO
Título Impuesto sobre la renta
250 ## - MENCIÓN DE EDICIÓN
Mención de edición 6a. ed.
260 ## - PUBLICACIÓN, DISTRIBUCIÓN, ETC.
Lugar de publicación, distribución, etc. Santo Domingo :
Nombre del editor, distribuidor, etc. INCAT,
Fecha de publicación, distribución, etc. 1990
300 ## - DESCRIPCIÓN FÍSICA
Otras características físicas INCAT,
Extensión 367 p. :
Dimensiones 1990
500 ## - NOTA GENERAL
Nota general Incluye índice temático
500 ## - NOTA GENERAL
Nota general Sexta edición actualizada de la Ley 5911 del Impuesto sobre la Renta, del 22 de mayo de 1962, con sus modificaciones emitidas hasta la fecha.-
500 ## - NOTA GENERAL
Nota general Reglamentaciones, resoluciones y normas generales presentadas según su vinculación con los artículos de la ley.-
500 ## - NOTA GENERAL
Nota general Se reproduce además, en esta edición, la tabla para el cálculo mensual del impuesto sobre la Renta en la quinta categoría.-
500 ## - NOTA GENERAL
Nota general Incluye la ley no. 58-89 del 30 de julio de 1989, que modifica los artículos nos. 29, 60, 68, 103 y 105 de la Ley del Impuesto sobre la Renta.
590 ## - NOTA LOCAL (RLIN)
Nota local Inventariado, 2021/MFF
650 #4 - PUNTO DE ACCESO ADICIONAL DE MATERIA--TÉRMINO DE MATERIA
Término de materia o nombre geográfico como elemento de entrada Impuesto sobre la renta
Subdivisión geográfica República Dominicana
Subdivisión de forma Legislación
9 (RLIN) 79448
910 ## - DATOS DE OPCIÓN DEL USUARIO (OCLC)
Datos de opción del usuario Validado. Control de calidad MFF
942 ## - ELEMENTOS DE PUNTO DE ACCESO ADICIONAL (KOHA)
Fuente del sistema de clasificación o colocación Dewey Decimal Classification
Tipo de ítem Koha Libro
Holdings
Estado de retiro Estado de pérdida Fuente del sistema de clasificación o colocación Restricciones de uso No para préstamo Código de colección Localización permanente Ubicación/localización actual Ubicación en estantería Fecha de adquisición Total de préstamos Signatura topográfica completa Código de barras Fecha visto por última vez Precio válido a partir de Tipo de ítem Koha
    Dewey Decimal Classification Excluido de préstamo Excluido de préstamo Patrimonio Dominicano Biblioteca Nacional Pedro Henríquez Ureña Patrimonio Dominicano Depósito 28.04.2013   BNPHU PD 343.7293052 I59i 2021-1624 28.04.2021 28.04.2021 Libro y Folleto Colección Patrimonio Dominicano

Powered by Koha